Normal view
MARC view
- مهارات التواصل والنجاج
Entry Topical Term
001 - CONTROL NUMBER
- control field: 47837
003 - CONTROL NUMBER IDENTIFIER
- control field: JO-AjAnu
005 - DATE AND TIME OF LATEST TRANSACTION
- control field: 20230606081908.0
008 - FIXED-LENGTH DATA ELEMENTS
- fixed length control field: 230606|| aca||aabn | a|a d
040 ## - CATALOGING SOURCE
- Original cataloging agency: JO-AjAnu
- Transcribing agency: JO-AjAnu
150 ## - HEADING--TOPICAL TERM
- Topical term or geographic name entry element: مهارات التواصل والنجاج
670 ## - SOURCE DATA FOUND
- Source citation: Work cat.: (JO-AjAnu)24478: بشتاوي، محمود منور, author 47836, الطريق الى الآخر: مهارات التواصل والنجاح